Tennis - Vainqueur d'un tournoi challenger en 2023 - Statistiques

Statistiques générales
  • Ce quiz a été pris 959 fois
  • Le résultat moyen est 33 sur 103
Statistiques - réponses
Tournoi Nationalité Vainqueur % Correct
Oeiras 2 Français Arthur Fils
87%
Puerto Vallarta | San Benedetto Français Benoit Paire
86%
Pau | San Remo Français Luca Van Assche
76%
Aix-en-Provence | Nottingham | Surbiton Britannique Andy Murray
67%
Ottignies-Louvain Belge Dvaid Goffin
61%
Iasi Français Hugo Gaston
58%
Nonthaburi 2 Français Arthur Cazaux
57%
Bordeaux | Cagliari Français Ugo Humbert
56%
Palmas del Mar Japonais Kei Nishikori
55%
Prague | Rovereto Suisse Dominic Stricker
51%
Tigre | Tigre 2 Argentin Juan Manuel Cerundolo
51%
Salzbourg Autrichien Sebastian Ofner
50%
Buenos Aires 2 | Vina del Mar Brésilien Thiago Seyboth Wild
50%
Blois Français Quentin Halys
48%
Tallahassee Belge Zizou Bergs
48%
Santiago Bolivien Hugo Dellien
44%
Monterrey | Phoenix Portugais Nuno Borges
44%
Montechiarugolo Français Alexandre Muller
43%
Quimper Français Grégoire Barrere
42%
Canberra Hongrois Marton Fucsovics
42%
Heilbronn | Murcie | Tenerife 2 Italien Matteo Arnaldi
42%
Saint-Brieuc Lituanien Ricardas Berankis
41%
Gwangju | Rome GA Australien Jordan Thompson
38%
Lille | Lugano Finlandais Otto Virtanen
38%
Manama Australien Thanasi Kokkinakis
38%
Antalya | Pérouse Hongrois Fabian Marozsan
37%
Madrid 2 | Tenerife Russe Alexander Shevchenko
34%
Bangalore | Chennai | Pune Australien Max Purcell
34%
Francavilla | Karlsruhe Chilien Alejandro Tabilo
31%
Mauthausen | Szekesfehervar Serbe Hamad Medjedovic
31%
Concepcion Argentin Federico Coria
30%
Leon Français Giovanni Mpetshi Perricard
30%
Coblence Russe Roman Safiullin
30%
Las Frequensas del Valles Français Hugo Grenier
29%
Oeiras 3 | Split Hongrois Zsombor Piros
29%
Nonthaburi Autrichien Dennis Novak
27%
Chicago Américain Alex Michelsen
26%
Biel Autrichien Jurij Rodionov
25%
Vilnius Britannique Liam Broady
25%
Roseto degli Abruzzi Autrichien Filip Misolic
24%
Ilkley Australien Jason Kubler
24%
Sarasota Allemand Daniel Altmaier
22%
Burnie Australien Rinky Hijikata
22%
Florianopolis | San Luis Potosi Chilien Tomas Barrios
21%
Rome 2 Indien Sumit Nagal
20%
Mexico | Turin Allemand Dominik Koepfer
19%
Cherbourg Italien Giulio Zeppieri
19%
Troyes Français Manuel Guinard
19%
Little Rock Estonnien Mark Lajal
19%
Morelos Argentin Thiago Tirante
19%
Milan | Oeiras 4 | Savannah Argentin Facundo Diaz Acosta
18%
Cleveland | Waco Américain Aleksandar Kovacevic
17%
Séoul Chinois Yunchaokete Bu
17%
Busan Australien Aleksandar Vukic
16%
Prague 2 Tchèque Jakub Mensik
16%
Oeiras Belge Joris De Loore
16%
Bloomfield Hills Américain Steve Johnson
16%
Gérone | Troisdorf Russe Ivan Gakhov
14%
Barletta Japonais Shintaro Mochizuki
13%
Ostrava Tchèque Zdenek Kolar
12%
Modène Américain Emilio Nava
11%
Cali Argentin Federico Delbonis
11%
Poznan | Santa Fe Argentin Mariano Navone
11%
Lyon 2 Brésilien Felipe Meligeni
10%
Nouméa Italien Raul Brancaccio
10%
Nonthaburi 3 Japonais Sho Shimabukuro
10%
Bratislava Ukrainien Vitaliy Sachko
10%
Braunschweig Italien Franco Agamenone
9%
Tenerife 3 Italien Matteo Gigante
9%
Skopje Hongrois Mate Valkusz
7%
Piracicaba Argentin Andrea Collarini
6%
Vicenza Argentin Francisco Comesana
6%
Tyler Américain Nicolas Moreno
6%
Medellin Américain Patrick Kypson
6%
Coquimbo Brésilien Matheus Pucinelli
5%
Zadar Italien Alessandro Giannessi
4%
Aucun quiz correspondant
Distribution des résultats
% des personnes avec chaque résultat
Percentile par nombre de réponses
Votre historique - résultats
Vous n’avez pas pris ce quiz